000 00427nam a2200157Ia 4500
005 20250410144936.0
008 231217s9999 xx 000 0 und d
020 _a9788184672022
082 _a823.08 NIR;1 R
100 _aNiranjana. Ravikumar, C P.
245 0 _aVishwakatakosha -3 : kaadinalli beladingalu
250 _a2nd ed.
260 _c2011
_bNavakarnataka Publication
_aBangalore
300 _a160
942 _cAA
999 _c198882
_d198882